Guess Correct(Sudden Death) - Statistics

General Stats
  • This quiz has been taken 18 times
  • The average score is 1 of 6
Answers on the Grid
Answers color-coded by a green-red scale on the quiz's grid according to % correct below.
1
2
3
4
5
6
7
8
9
10
11
12
13
14
15
16
17
18
19
20
21
22
23
24
25
26
27
28
29
30
31
32
33
34
35
36
37
38
39
40
41
42
 
Answer Stats
Answer % Correct
28
30%
30
30%
38
30%
34
20%
27
10%
3
10%
No matching quizzes found
Score Distribution
Percent of People with Each Score
Percentile by Number Answered
Your Score History
You have not taken this quiz